Operačné systémy /

Gespeichert in:
Bibliographische Detailangaben
1. Verfasser: Borsuk, Ján (Verfasst von)
Format: Buch
Sprache:Slowakisch
Veröffentlicht: Bratislava : SVŠT v Bratislave, 1982
Ausgabe:1.vyd.
Schlagworte:
Tags: Tag hinzufügen
Keine Tags, Fügen Sie das erste Tag hinzu!

MARC

LEADER 00000nam a22000003a 4500
001 stu34875
005 20150617225731.1
008 920327s1982----cs------------------slo-d
040 |a STU  |b slo 
041 0 |a slo 
044 |a cs 
080 |a 681.3.066(075.8) 
100 1 |a Borsuk, Ján  |4 aut 
245 1 |a Operačné systémy /  |c [aut.]Ján Borsuk 
250 |a 1.vyd. 
260 |a Bratislava :  |b SVŠT v Bratislave,  |c 1982 
300 |a 193 s 
650 7 |a Systémy operačné  |2 stusub 
650 7 |a programovanie  |2 stusub 
996 |b 284M016669  |c M*S-342-1  |l MMKN  |s A  |a 24  |w stu34875_0001 
996 |b 284M016668  |c M*S-342-2  |l MMKN  |s A  |a 24  |w stu34875_0002